000 00319nam a22001337a 4500
008 180921b xxu||||| |||| 00| 0 eng d
020 _a9781418050115
041 _aeng
080 _24 ed
_a341
100 _a14
101 _aSHJ
245 _aParalegal Today The Legal Team At Work
_cMiller.r.l
942 _2udc
_cBK
999 _c48184
_d48184